Devinez le Département Mystère #17 - Statistiques

Statistiques générales
  • Ce quiz a été pris 328 fois
  • Le résultat moyen est 27 sur 39
Statistiques - réponses
Type de Réponse Réponse % Correct
Lettre Trouvée E
100%
Lettre Trouvée N
100%
Lettre de l'Alphabet A
99%
Lettre Trouvée I
98%
Lettre Trouvée O
98%
Lettre Trouvée R
98%
Lettre de l'Alphabet S
98%
Lettre Trouvée T
98%
Lettre Trouvée L
96%
Lettre Trouvée D
92%
Lettre de l'Alphabet U
91%
Lettre de l'Alphabet H
90%
Lettre de l'Alphabet C
85%
Lettre de l'Alphabet M
85%
Lettre de l'Alphabet V
75%
Lettre Bien Placée E
72%
Lettre de l'Alphabet P
70%
Lettre de l'Alphabet B
68%
Lettre de l'Alphabet G
67%
Lettre Bien Placée E
66%
Lettre Bien Placée E
66%
Lettre Bien Placée T
66%
Lettre Bien Placée I
65%
Lettre de l'Alphabet Y
59%
Lettre Bien Placée L
56%
Lettre Bien Placée O
56%
Lettre Bien Placée R
56%
Lettre de l'Alphabet F
54%
Lettre de l'Alphabet Q
51%
Lettre de l'Alphabet X
47%
Lettre de l'Alphabet Z
46%
Lettre de l'Alphabet J
45%
Lettre Bien Placée D
42%
Lettre Bien Placée I
42%
Département Mystère Indre-et-Loire
42%
Lettre de l'Alphabet K
42%
Lettre Bien Placée N
42%
Lettre Bien Placée R
42%
Lettre de l'Alphabet W
42%
Aucun quiz correspondant
Distribution des résultats
% des personnes avec chaque résultat
Percentile par nombre de réponses
Votre historique - résultats
Vous n’avez pas pris ce quiz